| 000 | 00544ntaaa2200181 4500 | ||
|---|---|---|---|
| 003 | 01 | ||
| 005 | 20251027203127.0 | ||
| 008 | 0714s1973 ag 01 | ||
| 040 |
_aAR-BaBN _bspa _cAR-BaBN _eaacr _dRIC |
||
| 082 | _a784.0000 M26 | ||
| 100 |
_aMaddy, Joseph _932789 |
||
| 245 | _aAll American Song Book. A community song book for schools, homes, clubs and community singing. | ||
| 250 |
_a1 ed. : _bRobbins Music Corporation, _cc1942 |
||
| 300 | _a144 p. | ||
| 650 |
_aCánticos Favoritos _932790 |
||
| 700 |
_aMiessner, Otto _932791 |
||
| 942 | _cBK | ||
| 999 |
_c26705 _d26705 |
||